Aumentei, mas não menti (Record no. 13755)

MARC details
000 -LÍDER
campo de controle de tamanho fixo 00394 a2200169 4500
001 - NÚMERO DE CONTROLE
campo de controle 13755
020 ## - ISBN - INTERNATIONAL STANDARD BOOK NUMBER
ISBN - International Standard Book Number 9788535641097
040 ## - FONTE DA CATALOGAÇÃO
Instituição que transcreveu o registro Anchieta - Aquarius
100 ## - ENTRADA PRINCIPAL--NOME PESSOAL
Nome pessoal Siqueira, Antonio Juraci
240 10 - TÍTULO UNIFORME
Título uniforme Aumentei, mas não menti
Idioma da obra por
245 10 - TÍTULO
Título Aumentei, mas não menti
300 ## - DESCRIÇÃO FÍSICA
Extensão 36
362 0# - DATAS DE PUBLICAÇÃO E/OU DESIGNAÇÃO SEQUENCIAL
Datas de publicação e/ou designação sequencial 2016
440 #1 - DECLARAÇÃO DE SÉRIE/ENTRADA ADICIONADA--TÍTULO
Título Paulinas
650 #4 - ASSUNTO--TERMO TÓPICO
Cabeçalho tópico ou nome geográfico Literatura infanto-juvenil
942 ## - ELEMENTOS DE ENTRADA ADICIONADOS (KOHA)
Tipo de material Koha Livros
Holdings
Situação do descarte Situação das perdas Situação física Não pode ser emprestado Biblioteca de origem Biblioteca atual Data de aquisição Total de empréstimos Número de chamada completo Código de barras Data de último acesso Data do preço efetivo Tipo de material Koha Data do último empréstimo
        Colégio Anchieta - Aquarius Colégio Anchieta - Aquarius 21/11/2023   028.5 SIQ AUM 5283/AQU 21/11/2023 21/11/2023 Livros  
        Colégio Anchieta - Bela Vista Colégio Anchieta - Bela Vista 21/11/2023   LJ 028.5 S618a SIQ AUM 1881/BEL 21/11/2023 21/11/2023 Livros  
        Colégio São Paulo Colégio São Paulo 21/11/2023   028.5 SIQ AUM 5094/ITA 21/11/2023 21/11/2023 Livros  
        Colégio São Paulo Colégio São Paulo 22/11/2023 1 LI 028.5 S618a 6946/CSP 20/05/2024 22/11/2023 Livros 20/05/2024